[Event "OGD Prinsenstad-toernooi - A groep"]
[Site "Delft"]
[Date "2013.03.31"]
[Round "6.5"]
[White "Hovhanisian, Mher"]
[Black "Legemaat, Gert"]
[Result "1-0"]
[WhiteElo "2494"]
[BlackElo "2195"]
[PlyCount "65"]
[EventDate "2013.03.29"]
[EventType "swiss"]
[EventRounds "6"]
[EventCountry "NED"]
[Source "DSC"]
[SourceDate "2013.02.04"]
[TimeControl "6000+10"]

1. d4 {[%emt 0:00:00]} d5 {[%emt 0:01:01]} 2. c4 {[%emt 0:00:00]} Nc6 {
[%emt 0:00:12]} 3. Nf3 {[%emt 0:01:41]} Bg4 {[%emt 0:00:19]} 4. Nc3 {
[%emt 0:01:05]} e6 {[%emt 0:02:04]} 5. Bf4 {[%emt 0:00:16]} Bxf3 {
[%emt 0:01:36]} 6. gxf3 {[%emt 0:00:13]} dxc4 {[%emt 0:08:08]} 7. e3 {
[%emt 0:00:40]} Bd6 {[%emt 0:00:09]} 8. Bg3 {[%emt 0:00:12]} Nge7 {
[%emt 0:04:59]} 9. Bxc4 {[%emt 0:00:19]} O-O {[%emt 0:02:24]} 10. a3 {
[%emt 0:02:01]} Nf5 {[%emt 0:02:43]} 11. Bd3 {[%emt 0:01:49]} Qg5 {
[%emt 0:07:58]} 12. f4 {[%emt 0:03:22]} Qh6 {[%emt 0:01:35]} 13. Qc2 {
[%emt 0:00:46]} Ncxd4 {[%emt 0:09:40]} 14. exd4 {[%emt 0:00:35]} Nxd4 {
[%emt 0:00:10]} 15. Qd1 {[%emt 0:02:36]} c5 {[%emt 0:11:51]} 16. Be4 {
[%emt 0:07:59]} f5 {[%emt 0:05:57]} 17. Bg2 {[%emt 0:01:24]} Bxf4 {
[%emt 0:04:28]} 18. Ne2 {[%emt 0:00:32]} g5 {[%emt 0:08:37]} 19. Bxf4 {
[%emt 0:11:21]} gxf4 {[%emt 0:00:23]} 20. Nxd4 {[%emt 0:04:36]} Rad8 {
[%emt 0:00:06]} 21. Bxb7 {[%emt 0:00:29]} cxd4 {[%emt 0:04:17]} 22. Rc1 {
[%emt 0:02:39]} Qg7 23. Qf3 {[%emt 0:04:41]} Kh8 {[%emt 0:09:14]} 24. Kf1 {
[%emt 0:01:24]} Rg8 {[%emt 0:00:23]} 25. Ba6 {[%emt 0:04:22]} e5 {
[%emt 0:00:28]} 26. Bc4 {[%emt 0:00:11]} e4 {[%emt 0:00:23]} 27. Qxf4 {
[%emt 0:02:20]} d3 {[%emt 0:05:43]} 28. Bxg8 {[%emt 0:01:55]} Rxg8 {
[%emt 0:00:06]} 29. Ke1 {[%emt 0:00:36]} e3 {[%emt 0:06:29]} 30. Qxe3 {
[%emt 0:02:49]} Qxb2 {[%emt 0:00:04]} 31. Rd1 {[%emt 0:03:25]} Rd8 {
[%emt 0:02:03]} 32. f4 {[%emt 0:05:44]} d2+ {[%emt 0:01:36]} 33. Kf2 {
[%emt 0:00:15]} 1-0

[Event "OGD Prinsenstad-toernooi - A groep"]
[Site "Delft"]
[Date "2013.03.31"]
[Round "6.6"]
[White "Kohlweyer, Bernd"]
[Black "Beerdsen, Thomas"]
[Result "1-0"]
[WhiteElo "2460"]
[BlackElo "2116"]
[PlyCount "59"]
[EventDate "2013.03.29"]
[EventType "swiss"]
[EventRounds "6"]
[EventCountry "NED"]
[Source "DSC"]
[SourceDate "2013.02.04"]
[TimeControl "6000+10"]

1. d4 {[%emt 0:00:00]} d5 {[%emt 0:00:00]} 2. c4 {[%emt 0:00:21]} c6 {
[%emt 0:00:02]} 3. e3 {[%emt 0:00:07]} Nf6 {[%emt 0:00:08]} 4. Nf3 {
[%emt 0:00:53]} Bf5 {[%emt 0:00:31]} 5. Nc3 {[%emt 0:00:09]} e6 {[%emt 0:00:13]
} 6. Nh4 {[%emt 0:00:07]} Bg4 {[%emt 0:00:13]} 7. Qb3 {[%emt 0:00:31]} Qb6 {
[%emt 0:00:38]} 8. h3 {[%emt 0:01:16]} Bh5 {[%emt 0:00:09]} 9. g4 {
[%emt 0:00:31]} Bg6 {[%emt 0:00:06]} 10. g5 {[%emt 0:03:32]} Nfd7 {
[%emt 0:01:45]} 11. Nxg6 {[%emt 0:00:14]} hxg6 {[%emt 0:00:07]} 12. e4 {
[%emt 0:00:36]} dxe4 {[%emt 0:00:21]} 13. c5 {[%emt 0:08:30]} Qxb3 {
[%emt 0:00:56]} 14. axb3 {[%emt 0:00:01]} e5 {[%emt 0:00:23]} 15. b4 {
[%emt 0:00:16]} exd4 {[%emt 0:00:26]} 16. Nxe4 {[%emt 0:00:06]} Ne5 {
[%emt 0:04:42]} 17. f4 {[%emt 0:05:27]} Nf3+ {[%emt 0:01:56]} 18. Kf2 {
[%emt 0:01:32]} Nh4 {[%emt 0:00:06]} 19. Bc4 {[%emt 0:01:20]} Be7 {
[%emt 0:01:08]} 20. Re1 {[%emt 0:01:52]} O-O {[%emt 0:01:32]} 21. Ng3 {
[%emt 0:03:10]} Re8 {[%emt 0:02:28]} 22. Re4 {[%emt 0:01:31]} Nd7 {
[%emt 0:00:45]} 23. Rxd4 {[%emt 0:22:51]} Nf8 {[%emt 0:06:26]} 24. Be3 {
[%emt 0:03:44]} a6 {[%emt 0:04:53]} 25. Rd3 {[%emt 0:03:14]} Bd8 {
[%emt 0:03:52]} 26. Rad1 {[%emt 0:01:26]} Bc7 {[%emt 0:00:22]} 27. Rd7 {
[%emt 0:01:12]} Nxd7 {[%emt 0:00:15]} 28. Rxd7 {[%emt 0:00:06]} Rec8 {
[%emt 0:00:27]} 29. Rxf7 {[%emt 0:02:03]} Bd8 {[%emt 0:00:41]} 30. Bd4 {
[%emt 0:00:27]} 1-0

[Event "OGD Prinsenstad-toernooi - A groep"]
[Site "Delft"]
[Date "2013.03.31"]
[Round "6.7"]
[White "Van Dijk, Harold"]
[Black "Thakoerdien, Jerrel"]
[Result "1-0"]
[WhiteElo "2331"]
[BlackElo "2037"]
[PlyCount "73"]
[EventDate "2013.03.29"]
[EventType "swiss"]
[EventRounds "6"]
[EventCountry "NED"]
[Source "DSC"]
[SourceDate "2013.02.04"]
[TimeControl "6000+10"]

1. e4 {[%emt 0:00:00]} d5 {[%emt 0:00:04]} 2. exd5 {[%emt 0:00:09]} Nf6 {
[%emt 0:00:05]} 3. Nf3 {[%emt 0:00:30]} Nxd5 {[%emt 0:00:11]} 4. d4 {
[%emt 0:00:27]} g6 {[%emt 0:00:20]} 5. Be2 {[%emt 0:00:17]} Bg7 {[%emt 0:00:19]
} 6. O-O {[%emt 0:01:42]} O-O {[%emt 0:00:06]} 7. c4 {[%emt 0:02:10]} Nb6 {
[%emt 0:00:07]} 8. h3 {[%emt 0:00:55]} Nc6 {[%emt 0:00:33]} 9. c5 {
[%emt 0:03:27]} Nd5 {[%emt 0:01:01]} 10. Nc3 {[%emt 0:00:11]} h6 {
[%emt 0:07:34]} 11. Qb3 {[%emt 0:06:45]} Be6 {[%emt 0:09:25]} 12. Qxb7 {
[%emt 0:02:00]} Ncb4 {[%emt 0:31:50]} 13. Nxd5 {[%emt 0:04:29]} Nxd5 {
[%emt 0:00:09]} 14. a3 {[%emt 0:06:56]} Kh7 {[%emt 0:04:21]} 15. Ne5 {
[%emt 0:05:34]} f5 {[%emt 0:10:13]} 16. Nc6 {[%emt 0:06:23]} Qe8 {
[%emt 0:04:10]} 17. Bc4 {[%emt 0:03:52]} Qf7 {[%emt 0:09:53]} 18. Re1 {
[%emt 0:01:36]} Rae8 {[%emt 0:01:38]} 19. Qb3 {[%emt 0:01:24]} f4 {
[%emt 0:02:28]} 20. Qf3 {[%emt 0:07:20]} Qf5 {[%emt 0:05:14]} 21. Rxe6 {
[%emt 0:01:09]} Qxe6 {[%emt 0:00:13]} 22. Bxd5 {[%emt 0:00:25]} Qe1+ {
[%emt 0:00:18]} 23. Kh2 {[%emt 0:00:08]} e5 {[%emt 0:00:34]} 24. dxe5 {
[%emt 0:02:12]} Bxe5 {[%emt 0:00:32]} 25. Nxe5 {[%emt 0:01:51]} Rxe5 {
[%emt 0:00:10]} 26. Bc4 {[%emt 0:04:53]} Qe4 {[%emt 0:05:12]} 27. Qxe4 {
[%emt 0:01:53]} Rxe4 {[%emt 0:00:01]} 28. b3 {[%emt 0:00:19]} Rd8 {
[%emt 0:01:07]} 29. f3 {[%emt 0:03:42]} Red4 {[%emt 0:01:06]} 30. Bb2 {
[%emt 0:01:58]} Rd2 {[%emt 0:00:05]} 31. Bc3 {[%emt 0:00:10]} Rc2 {
[%emt 0:00:14]} 32. Ba5 {[%emt 0:00:06]} Rd7 {[%emt 0:00:27]} 33. c6 {
[%emt 0:00:10]} Rd6 {[%emt 0:00:46]} 34. Bxc7 {[%emt 0:00:12]} Rxc6 {
[%emt 0:00:48]} 35. Bxf4 {[%emt 0:00:10]} Rf6 {[%emt 0:00:07]} 36. Kg3 {
[%emt 0:00:28]} h5 {[%emt 0:00:08]} 37. h4 {[%emt 0:00:09]} 1-0

[Event "OGD Prinsenstad-toernooi - A groep"]
[Site "Delft"]
[Date "2013.03.31"]
[Round "6.8"]
[White "Freeke, Matthieu"]
[Black "Dijkhuis, Tycho"]
[Result "1-0"]
[WhiteElo "2320"]
[BlackElo "2180"]
[PlyCount "143"]
[EventDate "2013.03.29"]
[EventType "swiss"]
[EventRounds "6"]
[EventCountry "NED"]
[Source "DSC"]
[SourceDate "2013.02.04"]
[TimeControl "6000+10"]

1. d4 Nf6 2. c4 g6 3. g3 Bg7 4. Bg2 d5 5. cxd5 Nxd5 6. Nf3 Nb6 7. O-O Nc6 8.
Nc3 O-O 9. d5 Na5 10. Qc2 c6 11. dxc6 Nxc6 12. Rd1 Bd7 13. Be3 Rc8 14. Qe4 Re8
15. Bh3 Bxh3 16. Rxd8 Rcxd8 17. Qh4 Bc8 18. Bxb6 axb6 19. Kg2 Nd4 20. Rd1 Bf6
21. Qe4 Nxf3 22. exf3 Rxd1 23. Nxd1 Rd8 24. Ne3 Rd4 25. Qc2 Be6 26. b3 h5 27.
h4 Rd7 28. f4 Bd4 29. f5 gxf5 30. Nxf5 Bc5 31. Ne3 Bxe3 32. fxe3 Rd5 33. a4 Kg7
34. Qc7 Bg4 35. e4 Rd2+ 36. Kg1 Rd6 37. Qxe7 Rd3 38. Qg5+ Kh7 39. Qf4 Rf3 40.
Qc7 Be6 41. b4 Bb3 42. Kg2 Rf6 43. Qe5 Rh6 44. Qf5+ Kg7 45. Qg5+ Kh7 46. Qe7
Kg7 47. a5 bxa5 48. bxa5 Ba4 49. Qxb7 Bc6 50. Qb2+ Kh7 51. Qe5 Kg8 52. Qf5 Kg7
53. Qe5+ Kg8 54. Kf3 Kh7 55. Ke3 Kg8 56. Kd4 Kh7 57. a6 Kg8 58. a7 Re6 59. Qg5+
Kf8 60. Qd8+ Kg7 61. e5 Rg6 62. Kc5 Bf3 63. a8=Q Bxa8 64. Qxa8 Rxg3 65. Qd8 Rg6
66. Kd5 Kh7 67. Qf8 Rg7 68. Ke4 Kg6 69. Qd6+ Kh7 70. Qf6 Kg8 71. Kf5 Rg6 72.
Qxg6+ 1-0

[Event "OGD Prinsenstad-toernooi - A groep"]
[Site "Delft"]
[Date "2013.03.31"]
[Round "6.9"]
[White "Von Meijenfeldt, Bart"]
[Black "Senders, Mischa"]
[Result "1-0"]
[WhiteElo "2195"]
[BlackElo "2208"]
[PlyCount "61"]
[EventDate "2013.03.29"]
[EventType "swiss"]
[EventRounds "6"]
[EventCountry "NED"]
[Source "DSC"]
[SourceDate "2013.02.04"]
[TimeControl "6000+10"]

1. e4 {[%emt 0:03:27]} c5 {[%emt 0:00:00]} 2. Nc3 {[%emt 0:00:05]} d6 {
[%emt 0:00:01]} 3. f4 {[%emt 0:02:02]} g6 {[%emt 0:00:08]} 4. Nf3 {
[%emt 0:00:06]} Bg7 {[%emt 0:00:08]} 5. Bb5+ {[%emt 0:00:03]} Bd7 {
[%emt 0:00:11]} 6. Bc4 {[%emt 0:00:03]} e6 {[%emt 0:02:11]} 7. d4 {
[%emt 0:01:59]} cxd4 {[%emt 0:03:44]} 8. Nxd4 {[%emt 0:01:43]} a6 {
[%emt 0:01:06]} 9. Be3 {[%emt 0:05:07]} Ne7 {[%emt 0:05:25]} 10. Qd2 {
[%emt 0:03:51]} b5 {[%emt 0:04:17]} 11. Bb3 {[%emt 0:00:26]} Nbc6 {
[%emt 0:03:15]} 12. Nxc6 {[%emt 0:05:03]} Bxc6 {[%emt 0:01:36]} 13. Bd4 {
[%emt 0:01:50]} e5 {[%emt 0:03:37]} 14. fxe5 {[%emt 0:01:14]} dxe5 {
[%emt 0:00:27]} 15. Qf2 {[%emt 0:03:25]} O-O {[%emt 0:02:27]} 16. Bc5 {
[%emt 0:01:48]} Qc7 {[%emt 0:11:51]} 17. O-O {[%emt 0:02:07]} Kh8 {
[%emt 0:04:47]} 18. Bxf7 {[%emt 0:22:11]} b4 {[%emt 0:04:31]} 19. Bxb4 {
[%emt 0:17:32]} Rxf7 {[%emt 0:00:40]} 20. Qxf7 {[%emt 0:07:24]} Qb6+ {
[%emt 0:00:04]} 21. Kh1 {[%emt 0:00:04]} Qxb4 {[%emt 0:00:07]} 22. Nd5 {
[%emt 0:00:03]} Nxd5 {[%emt 0:01:44]} 23. exd5 {[%emt 0:01:23]} Bb5 {
[%emt 0:00:27]} 24. Qb7 {[%emt 0:02:04]} Re8 {[%emt 0:05:33]} 25. a4 {
[%emt 0:01:28]} e4 {[%emt 0:00:16]} 26. axb5 {[%emt 0:00:17]} axb5 {
[%emt 0:00:06]} 27. Ra8 {[%emt 0:03:35]} Qe7 {[%emt 0:01:35]} 28. Qxe7 {
[%emt 0:00:08]} Rxa8 {[%emt 0:00:04]} 29. d6 {[%emt 0:00:09]} Rf8 {
[%emt 0:00:13]} 30. Rxf8+ {[%emt 0:00:05]} Bxf8 {[%emt 0:00:04]} 31. Qxf8# 1-0

[Event "OGD Prinsenstad-toernooi - A groep"]
[Site "Delft"]
[Date "2014.04.18"]
[Round "1.1"]
[White "Danin, Alexandre"]
[Black "Stolwijk, Colin"]
[Result "1-0"]
[WhiteElo "2595"]
[BlackElo "2141"]
[PlyCount "61"]
[EventDate "2014.04.18"]
[EventType "swiss"]
[EventRounds "6"]
[EventCountry "NED"]
[Source "DSC"]
[SourceDate "2014.04.23"]

1. e4 c6 2. d4 d5 3. exd5 cxd5 4. c4 Nf6 5. Nc3 Nc6 6. Bg5 dxc4 7. Bxc4 e6 8.
Nf3 Be7 9. O-O O-O 10. a3 a6 11. Qd3 b5 12. Ba2 Qb6 13. Rad1 Rd8 14. Ne4 Nd5
15. Bc1 b4 16. Nfg5 h6 17. Nf3 Qb5 18. Bc4 Qb6 19. Ng3 a5 20. axb4 axb4 21. Qe4
Nf6 22. Qf4 Ba6 23. Bxa6 Rxa6 24. Ne5 g5 25. Qe3 Nxd4 26. h4 gxh4 27. Qxh6 hxg3
28. Be3 Ne2+ 29. Kh1 Qb5 30. Qg5+ Kf8 31. Ng6+ 1-0

[Event "OGD Prinsenstad-toernooi - A groep"]
[Site "Delft"]
[Date "2014.04.18"]
[Round "1.2"]
[White "Haver, Daan"]
[Black "Reinderman, Dimitri"]
[Result "0-1"]
[WhiteElo "2125"]
[BlackElo "2590"]
[PlyCount "46"]
[EventDate "2014.04.18"]
[EventType "swiss"]
[EventRounds "6"]
[EventCountry "NED"]
[Source "DSC"]
[SourceDate "2014.04.23"]

1. e4 d6 2. d4 Nf6 3. Nc3 e5 4. Nf3 Nbd7 5. dxe5 dxe5 6. Bc4 Bc5 7. O-O O-O 8.
Bg5 c6 9. a4 h6 10. Bh4 Qc7 11. Nd2 Be7 12. Qe2 Re8 13. Bg3 Nf8 14. Kh1 Ng6 15.
Rfd1 Nd7 16. Qh5 Ndf8 17. Nf3 Bf6 18. Nh4 Nf4 19. Qf3 g6 20. Ne2 Qe7 21. Bxf4
exf4 22. g3 fxg3 23. fxg3 Qxe4 0-1

[Event "OGD Prinsenstad-toernooi - A groep"]
[Site "Delft"]
[Date "2014.04.18"]
[Round "1.3"]
[White "Khenkin, Igor"]
[Black "Haver, Bas"]
[Result "1-0"]
[WhiteElo "2574"]
[BlackElo "2112"]
[PlyCount "51"]
[EventDate "2014.04.18"]
[EventType "swiss"]
[EventRounds "6"]
[EventCountry "NED"]
[Source "DSC"]
[SourceDate "2014.04.23"]

1. d4 Nf6 2. c4 g6 3. Nc3 d5 4. cxd5 Nxd5 5. e4 Nxc3 6. bxc3 Bg7 7. Nf3 c5 8.
Be3 Qa5 9. Qd2 cxd4 10. cxd4 Qxd2+ 11. Nxd2 O-O 12. Rc1 b6 13. Bb5 Bd7 14. Bxd7
Nxd7 15. Ke2 Rfc8 16. d5 Kf8 17. g4 Ke8 18. h4 Rxc1 19. Rxc1 Kd8 20. f4 Rc8 21.
Rxc8+ Kxc8 22. e5 Kb7 23. Nf3 f6 24. e6 Nb8 25. f5 Bf8 26. fxg6 1-0

[Event "OGD Prinsenstad-toernooi - A groep"]
[Site "Delft"]
[Date "2014.04.18"]
[Round "1.4"]
[White "Warmerdam, Max"]
[Black "Ikonnikov, Vyacheslav"]
[Result "0-1"]
[WhiteElo "2110"]
[BlackElo "2570"]
[PlyCount "94"]
[EventDate "2014.04.18"]
[EventType "swiss"]
[EventRounds "6"]
[EventCountry "NED"]
[Source "DSC"]
[SourceDate "2014.04.23"]

1. e4 c5 2. Nf3 Nc6 3. d4 cxd4 4. Nxd4 e5 5. Nb5 d6 6. c4 Be7 7. N1c3 a6 8. Na3
Be6 9. Be2 Bg5 10. O-O Bxc1 11. Rxc1 Nf6 12. Nc2 O-O 13. Qd2 Qb8 14. Rfd1 Rd8
15. f3 Qa7+ 16. Kh1 Rac8 17. Nd5 Bxd5 18. cxd5 Ne7 19. g3 Rc5 20. b4 Rc7 21.
Ne3 Rdc8 22. Rxc7 Rxc7 23. Rc1 Rxc1+ 24. Qxc1 g6 25. Qc3 h5 26. Kg2 h4 27. Nc4
hxg3 28. hxg3 Qb8 29. a4 Kg7 30. b5 axb5 31. axb5 b6 32. Qe3 Nd7 33. f4 Nc5 34.
fxe5 dxe5 35. Bf3 Nc8 36. g4 Nd6 37. Nxd6 Qxd6 38. Qc3 Qf6 39. Qe3 g5 40. Qd2
Qf4 41. Qc2 Qe3 42. Qf2 Qd3 43. Qb2 Kf6 44. Qf2 Qd4 45. Qc2 Nd3 46. Kg3 Qg1+
47. Qg2 Qe1+ 0-1

[Event "OGD Prinsenstad-toernooi - A groep"]
[Site "Delft"]
[Date "2014.04.18"]
[Round "1.5"]
[White "Van den Doel, Erik"]
[Black "Oudewaal, Vincent"]
[Result "1-0"]
[WhiteElo "2560"]
[BlackElo "2086"]
[PlyCount "91"]
[EventDate "2014.04.18"]
[EventType "swiss"]
[EventRounds "6"]
[EventCountry "NED"]
[Source "DSC"]
[SourceDate "2014.04.23"]

1. e4 e6 2. d4 d5 3. Nc3 Nf6 4. Bg5 Bb4 5. exd5 exd5 6. Qf3 Qe7+ 7. Nge2 Qe4 8.
Bxf6 Qxf3 9. gxf3 gxf6 10. a3 Bxc3+ 11. Nxc3 Be6 12. Rg1 Nc6 13. Bb5 Kd7 14.
Kd2 Rhg8 15. Ne2 Rg5 16. h4 Rh5 17. Rh1 Kd6 18. Bxc6 Kxc6 19. Rag1 Re8 20. Rg7
Kd6 21. Ng3 Rh6 22. h5 Ke7 23. Ne2 Kf8 24. Rg3 f5 25. Nf4 f6 26. Re1 Bf7 27.
Rxe8+ Kxe8 28. b3 Kf8 29. Kd3 b5 30. Rg1 Ke7 31. a4 a6 32. axb5 axb5 33. Kc3
Kd6 34. Kb4 c6 35. Re1 Bg8 36. c3 Bf7 37. Rh1 Be8 38. Ka5 Bf7 39. Kb6 Be8 40.
b4 Bf7 41. Kb7 Kd7 42. Rg1 Be8 43. Rg3 Kd6 44. Kc8 Rxh5 45. Nxh5 Bxh5 46. Rh3
1-0

[Event "OGD Prinsenstad-toernooi - A groep"]
[Site "Delft"]
[Date "2014.04.18"]
[Round "1.6"]
[White "Voogt, Bob"]
[Black "Haslinger, Stewart"]
[Result "0-1"]
[WhiteElo "2083"]
[BlackElo "2544"]
[PlyCount "65"]
[EventDate "2014.04.18"]
[EventType "swiss"]
[EventRounds "6"]
[EventCountry "NED"]
[Source "DSC"]
[SourceDate "2014.04.23"]

1. e4 e5 2. Nf3 Nc6 3. Bc4 Bc5 4. c3 Nf6 5. d4 exd4 6. cxd4 Bb4+ 7. Bd2 Nxe4 8.
Bxb4 Nxb4 9. Bxf7+ Kxf7 10. Qb3+ d5 11. Qxb4 Re8 12. O-O a5 13. Qa3 Qd6 14.
Qxd6 cxd6 15. Re1 Bf5 16. Nc3 Nxc3 17. bxc3 Rxe1+ 18. Rxe1 Rc8 19. Re3 Rc4 20.
h3 h6 21. g4 Bc2 22. Nd2 Ra4 23. Rf3+ Ke7 24. Re3+ Kd7 25. Rf3 Bg6 26. Rf8 Rxa2
27. Rg8 Ke6 28. Nf3 Be4 29. Nh4 Ra1+ 30. Kh2 Rh1+ 31. Kg3 g5 32. Ng2 Rc1 33.
Rc8 0-1

[Event "OGD Prinsenstad-toernooi - A groep"]
[Site "Delft"]
[Date "2014.04.18"]
[Round "1.7"]
[White "Sergeev, Vladimir"]
[Black "Glimmerveen, Martin"]
[Result "1-0"]
[WhiteElo "2457"]
[BlackElo "2067"]
[PlyCount "71"]
[EventDate "2014.04.18"]
[EventType "swiss"]
[EventRounds "6"]
[EventCountry "NED"]
[Source "DSC"]
[SourceDate "2014.04.23"]

1. Nf3 Nf6 2. g3 g6 3. Bg2 Bg7 4. b3 O-O 5. Bb2 b6 6. Ne5 c6 7. d4 Bb7 8. O-O
d6 9. Nd3 Nbd7 10. c4 Re8 11. e4 e5 12. d5 cxd5 13. cxd5 Nc5 14. Nxc5 bxc5 15.
Nd2 Ba6 16. Re1 Nd7 17. Qc2 Rc8 18. Bc3 Rf8 19. Bh3 Rb8 20. a4 Nb6 21. a5 Na8
22. Rab1 Nc7 23. b4 cxb4 24. Bxb4 Nb5 25. Qc6 Bc8 26. Bxc8 Qxc8 27. Kg2 Qxc6
28. dxc6 Rbc8 29. Rec1 Rfd8 30. a6 d5 31. Ba5 Nc7 32. Rb7 dxe4 33. Nxe4 Rd4 34.
Rxc7 Rxc7 35. Bxc7 Rxe4 36. Bb8 1-0

[Event "OGD Prinsenstad-toernooi - A groep"]
[Site "Delft"]
[Date "2014.04.18"]
[Round "1.8"]
[White "Roorda, Thijs"]
[Black "Van Oosterom, Chiel"]
[Result "1-0"]
[WhiteElo "2067"]
[BlackElo "2369"]
[PlyCount "63"]
[EventDate "2014.04.18"]
[EventType "swiss"]
[EventRounds "6"]
[EventCountry "NED"]
[Source "DSC"]
[SourceDate "2014.04.23"]

1. e4 c5 2. Nf3 d6 3. d4 cxd4 4. Nxd4 Nf6 5. Nc3 a6 6. Be3 e6 7. f3 b5 8. Qd2
Nbd7 9. g4 Nb6 10. Qf2 Nfd7 11. a4 b4 12. Nc6 Qc7 13. Nxb4 d5 14. Nd3 Bb7 15.
Bg2 Nc4 16. exd5 Nxb2 17. Ne4 Nxd3+ 18. cxd3 Bb4+ 19. Bd2 Bxd2+ 20. Qxd2 exd5
21. Ng3 O-O 22. O-O Rac8 23. Nf5 Nc5 24. Rac1 Qd7 25. Qb4 Nxd3 26. Qd4 Qxf5 27.
gxf5 Nxc1 28. Qb2 Bc6 29. Rxc1 Bxa4 30. f4 Rcd8 31. Qd4 Bb3 32. f6 1-0

[Event "OGD Prinsenstad-toernooi - A groep"]
[Site "Delft"]
[Date "2014.04.18"]
[Round "1.9"]
[White "Slingerland, Fred"]
[Black "Oosterom, Erik"]
[Result "1/2-1/2"]
[WhiteElo "2331"]
[BlackElo "2061"]
[PlyCount "126"]
[EventDate "2014.04.18"]
[EventType "swiss"]
[EventRounds "6"]
[EventCountry "NED"]
[Source "DSC"]
[SourceDate "2014.04.23"]

1. e4 c6 2. d4 d5 3. Nc3 dxe4 4. Nxe4 Nd7 5. Nf3 Ngf6 6. Nxf6+ Nxf6 7. c3 Bg4
8. h3 Bxf3 9. Qxf3 e6 10. Bc4 Bd6 11. O-O O-O 12. Bg5 Be7 13. Rad1 Nd5 14. Bc1
Bg5 15. Rfe1 Bxc1 16. Rxc1 Qf6 17. Qe4 Rad8 18. Bd3 Qg6 19. Qxg6 hxg6 20. Be4
Rfe8 21. Bf3 Nf4 22. Rcd1 g5 23. Kh2 Ng6 24. g3 Re7 25. Be4 f5 26. Bf3 Kf7 27.
Kg2 Kf6 28. Re3 Nh8 29. Rde1 Nf7 30. Bd1 Nd6 31. Bb3 Rde8 32. Rd1 Ne4 33. f3
Nd6 34. c4 Nf7 35. c5 Rd7 36. Bc4 g6 37. b4 a6 38. a4 Nd8 39. b5 axb5 40. axb5
Rde7 41. Ra3 Nf7 42. Ra7 Rd8 43. Kf2 Rh8 44. Bf1 Rd8 45. Bc4 Rh8 46. bxc6 bxc6
47. Rxe7 Kxe7 48. Re1 Nd8 49. Kg2 Kf6 50. Ra1 Rh7 51. Ra4 Rd7 52. Bb3 Rb7 53.
Bc4 Rd7 54. Ba2 e5 55. d5 cxd5 56. Ra6+ Kf7 57. c6 Rc7 58. Bxd5+ Ke7 59. g4 Kd6
60. Ra8 Nxc6 61. Bxc6 Rxc6 62. gxf5 gxf5 63. Rg8 Ke7 1/2-1/2

[Event "OGD Prinsenstad-toernooi - A groep"]
[Site "Delft"]
[Date "2014.04.18"]
[Round "1.10"]
[White "Kazarian, Anna-Maja"]
[Black "Kerigan, Demre"]
[Result "0-1"]
[WhiteElo "2058"]
[BlackElo "2327"]
[PlyCount "82"]
[EventDate "2014.04.18"]
[EventType "swiss"]
[EventRounds "6"]
[EventCountry "NED"]
[Source "DSC"]
[SourceDate "2014.04.23"]

1. e4 d6 2. d4 g6 3. Nc3 Bg7 4. Be3 c6 5. Qd2 Nd7 6. f3 b5 7. g4 Nb6 8. Bd3 Nf6
9. Bh6 Bxh6 10. Qxh6 e5 11. dxe5 dxe5 12. g5 Nh5 13. Nce2 Qe7 14. O-O-O Be6 15.
Ng3 Nf4 16. N1e2 O-O-O 17. Nxf4 exf4 18. Ne2 Bxa2 19. Nxf4 Qe5 20. Qh3+ Kb7 21.
Qg3 Na4 22. c3 Nxc3 23. Ne6 Qxe6 24. bxc3 Qb3 25. Qe5 Rhe8 26. Qc5 Qa4 27. Qb4
Qxb4 28. cxb4 Rd4 29. Kb2 Be6 30. Kc3 Red8 31. Be2 c5 32. Rxd4 cxd4+ 33. Kd2 d3
34. Bf1 Rd4 35. Bg2 Rxb4 36. Kxd3 Rb2 37. Rg1 Kb6 38. Kc3 Rf2 39. h4 Kc5 40.
Bh1 Bc4 41. Rb1 a5 0-1

[Event "OGD Prinsenstad-toernooi - A groep"]
[Site "Delft"]
[Date "2014.04.18"]
[Round "1.11"]
[White "Admiraal, Miguoel"]
[Black "Oranje, Richard"]
[Result "1/2-1/2"]
[WhiteElo "2309"]
[BlackElo "2051"]
[PlyCount "79"]
[EventDate "2014.04.18"]
[EventType "swiss"]
[EventRounds "6"]
[EventCountry "NED"]
[Source "DSC"]
[SourceDate "2014.04.23"]

1. c4 Nc6 2. g3 h5 3. h4 e5 4. Bg2 Bc5 5. Nc3 a6 6. Nf3 d6 7. d3 Nh6 8. a3 Ba7
9. b4 Ng4 10. e3 Ne7 11. d4 Be6 12. Qe2 c6 13. dxe5 dxe5 14. O-O f6 15. Ne4 O-O
16. Bb2 Nf5 17. c5 Qe7 18. Nfd2 Rad8 19. Nc4 Bb8 20. Na5 Bd5 21. Rfd1 Kh8 22.
Bf3 Ngxe3 23. fxe3 Bxe4 24. Bxe4 Nxg3 25. Qg2 Rxd1+ 26. Rxd1 Nxe4 27. Qxe4 f5
28. Qg2 Qxh4 29. Rd7 Qe1+ 30. Kh2 e4+ 31. Rd6 Bxd6+ 32. cxd6 Qh4+ 33. Kg1 Qe1+
34. Kh2 Rf7 35. Nc4 Qh4+ 36. Kg1 Qe1+ 37. Qf1 Qg3+ 38. Qg2 Qe1+ 39. Qf1 Qg3+
40. Qg2 1/2-1/2

[Event "OGD Prinsenstad-toernooi - A groep"]
[Site "Delft"]
[Date "2014.04.18"]
[Round "1.12"]
[White "Cebula, Jerzy"]
[Black "Van der Auweraert, Elwin"]
[Result "0-1"]
[WhiteElo "2040"]
[BlackElo "2281"]
[PlyCount "100"]
[EventDate "2014.04.18"]
[EventType "swiss"]
[EventRounds "6"]
[EventCountry "NED"]
[Source "DSC"]
[SourceDate "2014.04.23"]

1. e4 c5 2. Nf3 d6 3. d4 cxd4 4. Nxd4 Nf6 5. Nc3 a6 6. Be3 e5 7. Nb3 Be6 8. Qd2
Nbd7 9. O-O-O Rc8 10. f4 Be7 11. f5 Bc4 12. Bxc4 Rxc4 13. Qd3 b5 14. h3 Qc7 15.
Kb1 O-O 16. Nd2 Nc5 17. Nd5 Nxd3 18. Nxc7 Nxb2 19. Nxc4 Nxc4 20. Bg5 Bd8 21.
Bxf6 Bxc7 22. Bg5 Rc8 23. Rd3 Bb6 24. Bc1 Bd4 25. Rhd1 Kf8 26. Rb3 Ke7 27. Rg3
Kf8 28. h4 b4 29. h5 a5 30. h6 gxh6 31. Bxh6+ Ke7 32. Bg5+ Kd7 33. Bc1 Rb8 34.
Rh1 Nb6 35. Rxh7 Na4 36. Bd2 Nc3+ 37. Bxc3 bxc3+ 38. Kc1 Kc6 39. Rxf7 Rh8 40.
Rh3 Rg8 41. g3 Rg4 42. Kd1 Rxe4 43. f6 Bf2 44. Rh1 Rd4+ 45. Ke2 Rd2+ 46. Kf3
Rxc2 47. Rc7+ Kxc7 48. f7 Bc5 49. Rh7 Rf2+ 50. Ke4 Kc6 0-1

[Event "OGD Prinsenstad-toernooi - A groep"]
[Site "Delft"]
[Date "2014.04.18"]
[Round "2.1"]
[White "Kerigan, Demre"]
[Black "Danin, Alexandre"]
[Result "0-1"]
[WhiteElo "2327"]
[BlackElo "2595"]
[PlyCount "106"]
[EventDate "2014.04.18"]
[EventType "swiss"]
[EventRounds "6"]
[EventCountry "NED"]
[Source "DSC"]
[SourceDate "2014.04.23"]

1. e4 e6 2. d4 d5 3. Nd2 Nf6 4. e5 Nfd7 5. Bd3 c5 6. c3 Nc6 7. Ngf3 g6 8. h4
Qb6 9. O-O Bg7 10. Re1 cxd4 11. cxd4 Nxd4 12. Nxd4 Qxd4 13. Nf3 Qg4 14. Qc2 O-O
15. Bg5 f6 16. exf6 Bxf6 17. Re3 Bxg5 18. hxg5 Rxf3 19. Rxf3 Ne5 20. Rg3 Qf4
21. Re1 Bd7 22. Qc1 Qd4 23. Qe3 Nc6 24. Qxd4 Nxd4 25. Rc1 Nc6 26. Rc5 Rf8 27.
Bb5 Rf4 28. Re3 Kf7 29. Bxc6 Bxc6 30. Rh3 Ke7 31. Rxh7+ Kd6 32. Rc1 Rg4 33. f3
Rxg5 34. Kf2 e5 35. Rg7 e4 36. g4 d4 37. Kg3 e3 38. Kf4 Rd5 39. Rxg6+ Kc7 40.
Rg7+ Kd6 41. Rg6+ Kc7 42. Re6 Kd7 43. Re4 Rd6 44. Re5 Rf6+ 45. Rf5 Re6 46. Re1
e2 47. Rc5 d3 48. Rc3 d2 49. Rd3+ Rd6 50. Rxd2 Rxd2 51. g5 Rxb2 52. g6 Ke7 53.
Rg1 Kf6 {Ke5+ Kxe5} 0-1